00641nam a2200229 a 4500001001300000003000900013005001700022008004100039020001000080082001300090100002000103245003100123260003500154300000900189500003500198505001000233700002000243902000800263942000700271952011600278999001700394nice12345678IN_TiNIC20260116015221.0050524s0000 lona grp 000 0 eng  ac10000a201bDOB aDobbie, William aActive Service With Christ aLondonbMarshal Brothersc0000 a104p aincludes index and biblioraphy2 aNotes1 aDobbie, William bSRS cBK 001040708StackRoom-aHMIbHMId2007-03-19g100.00l0o201 DOBp11000880r2019-07-03v100.00w2005-05-24yBK c18795d18795